Estadísticas para Estados de Venezuela / States of Venezuela

Haz click aquí para intentar la prueba.

Estadísticas generales

  • Esta prueba ha sido intentada 227 veces
  • La puntuación promedio es 15 de 24

Estadísticas de respuestas

Estados / statesRespuestas / answers% Correcto
24Zulia
83%
6Bolívar
82%
1Amazonas
79%
5Barinas
68%
2Anzoategui
66%
19Sucre
66%
15Miranda
65%
7Carabobo
64%
14Merida
64%
4Aragua
62%
3Apure
61%
9Delta Amacuro
60%
21Trujillo
60%
12Guarico
57%
13Lara
57%
10Distrito Capital
56%
11Falcon
56%
16Monagas
56%
20Tachira
56%
17Nueva Esparta
55%
18Portuguesa
53%
22Vargas
53%
23Yaracuy
52%
8Cojedes
49%

Distribución de puntuación

Porcentaje por número respondido

Porcentaje de gente con cada puntuación

Historial de tus puntuaciones

No has intentado esta prueba.